MARC

LEADER 00000nam0a2200000 4500
001 315969
005 20231102002829.0
035 |a (RuTPU)RU\TPU\book\341406 
090 |a 315969 
100 |a 20160314d1950 km y0rusy50 ca 
101 0 |a rus 
102 |a RU 
105 |a a z 000zy 
200 1 |a Приемы расчета водопроводных сетей  |f В. Г. Лобачев 
210 |a Москва  |a Ленинград  |c Изд-во Министерства коммунального хозяйства РСФСР  |d 1950 
215 |a 80 с.  |c ил. 
606 1 |a Водопроводные сети  |x Расчет  |2 stltpush  |3 (RuTPU)RU\TPU\subj\2921  |9 31418 
610 1 |a формулы 
610 1 |a экономическое обоснование 
610 1 |a диаметры 
610 1 |a технико-экономические расчеты 
610 1 |a напор 
610 1 |a потери 
610 1 |a замкнутые сети 
675 |a 628.14  |v 4 
700 1 |a Лобачев  |b В. Г. 
801 1 |a RU  |b 63413507  |c 20160314 
801 2 |a RU  |b 63413507  |c 20200706  |g RCR 
942 |c BK